000 00790nam a2200241Ia 4500
003 OSt
005 20221005112533.0
006 a|||||r|||| 00| 0
007 ta
008 221004b |||||||| |||| 00| 0 pan d
020 _c200
024 _a96241
037 _b485, 09/03/2007, Manpreet Parkashan
_cTextual
040 _aCRL
_cCRL
_bpan
041 _2pan
_apan
082 _aU.243, 153P7
100 _aਬੂਟੇ ਾਹ, ਂਚ।
245 0 _aਪੰਜਾਬ ਦੀ ਜੋਗਰਾਫਯਾਈ ਤਵਾਰੀਖ
260 _aਚੰਡੀਗੜ
_bਲੋਕਗੀਤ ਭਾਰਤ
_c2007
300 _a146ਪੰ
_ccm.
942 _hU.243, 153P7
_cTEXL
_2cc
999 _c1025195
_d1025195